Increasingly Harder U.S. Quiz - Statistics

General Stats
  • This quiz has been taken 214 times
    170 since last reset
  • The average score is 9 of 12
Answer Stats
Question Answer % Correct
How many U.S. states are there? 50
100%
What is the U.S. capital? Washington, D.C
100%
Chicago is the most populous city in the U.S. False
97%
Which U.S. state is the largest? Alaska
95%
True or False: California has a higher population than Canada. True
86%
Which U.S.state has the highest population density? New Jersey
70%
New York has over 10 million people. (Urban Pop.) True
70%
Before 2100, what country will overtake the U.S in population? Nigeria
65%
Who was the 7th U.S president? Andrew Jackson
62%
What is the closest country to the U.S. That does NOT border it? (including territories). Russia
59%
What is the most commonly spoken language in the U.S. that is not English, Spanish, or any kind of Chinese? Vietnamese
54%
Where is the LEAST populous city in the U.S located? Nebraska
49%
No matching quizzes found
Score Distribution
Percent of People with Each Score
Percentile by Number Answered
Your Score History
You have not taken this quiz since the last reset